000 00620nam a22002537a 4500
003 UA-OsUOA
001 25956
007 ta
008 20040430b un ||||| |||| 00| 0 ukr d
100 _aПинский Ан.
090 _a37.014
_bП32
942 _cBK
040 _aUA-OsUOA
_brus
_cUA-OsUOA
_dUA-OsUOA
245 _aОбразование свободы и несвобода образования
300 _a232 с.
955 _a0
041 _arus
080 _a37.014
020 _a5-204-00248-0
260 _aМосква
_bУРАО
_c2001
044 _aRU
650 7 _2UDC
999 _c312262
_d312262